000 00869cam a2200277 i 4500
001 000018973
005 20200929165906.0
008 750523s1974 qucb b 001 0 fre
010 _a75506278
015 _aC74-6688-9
020 _c$5.95
040 _aDO-SdBNP
_cDLC
_dDLC
043 _an-cn---
050 0 0 _aPN6455.C3
_bD4
100 1 _aDesRuisseaux, Pierre,
_d1945-
_940818
245 1 3 _aLe livre des proverbes quebecois /
_cPierre Des Ruisseaux.
260 _aMontreal :
_bL'Aurore,
_c1974.
300 _a203 p. :
_bmap ;
_c21 cm.
490 0 _aCollection Connaissance des pays quebecois ; v. 1
500 _a"Distribution: La Maison de Diffusion-Quebec ... Montreal."
504 _aBibliography: p. 183-[185]
500 _aIncludes index.
650 0 _aProverbs, french-canadian.
_940819
910 _aCatalogación derivada / LC
082 0 0 _a398.9/41
999 _c18491
_d18491